[Event "Mittelrhein Verbandsliga-S 17/18"]
[Site "Nordrheinwestfalen"]
[Date "2018.04.15"]
[Round "10.6"]
[White "Kinnert, Dieter"]
[Black "Yilmaz, Izzet"]
[Result "0-1"]
[WhiteElo "1820"]
[BlackElo "1846"]
[PlyCount "44"]
[EventDate "2017.09.10"]
[EventType "team-tourn"]
[EventRounds "11"]
[EventCountry "GER"]
[SourceTitle "EXT 2022"]
[Source "ChessBase"]
[SourceDate "2021.10.06"]
[SourceVersion "1"]
[SourceVersionDate "2021.10.06"]
[SourceQuality "1"]
[WhiteTeam "Troisdorf"]
[BlackTeam "Satranc Club"]
[WhiteTeamCountry "GER"]
[BlackTeamCountry "GER"]

1. e4 e6 2. d4 d5 3. Nc3 Bb4 4. Nge2 dxe4 5. a3 Be7 6. Nxe4 Nf6 7. N2g3 0-0 8. Be3 Nxe4 9. Nxe4 Qd5 10. f3 Nc6 11. Nc3 Qd7 12. Ne4 Rd8 13. c3 e5 14. dxe5 Qe6 15. Qc1 Nxe5 16. Be2 f5 17. Ng5 Bxg5 18. Bxg5 Nd3+ 19. Kf1 Nxc1 20. Rxc1 Re8 21. Re1 Bd7 22. Kf2 Qb3 0-1

[Event "Mittelrhein Verbandsliga-S 17/18"]
[Site "Nordrheinwestfalen"]
[Date "2018.02.25"]
[Round "8.6"]
[White "Krebs, Dietmar"]
[Black "Kinnert, Dieter"]
[Result "1/2-1/2"]
[WhiteElo "1906"]
[BlackElo "1769"]
[PlyCount "21"]
[EventDate "2017.09.10"]
[EventType "team-tourn"]
[EventRounds "11"]
[EventCountry "GER"]
[SourceTitle "EXT 2022"]
[Source "ChessBase"]
[SourceDate "2021.10.06"]
[SourceVersion "1"]
[SourceVersionDate "2021.10.06"]
[SourceQuality "1"]
[WhiteTeam "Koeln Lasker II"]
[BlackTeam "Troisdorf"]
[WhiteTeamCountry "GER"]
[BlackTeamCountry "GER"]

1. e4 e6 2. d4 d5 3. Nd2 dxe4 4. Nxe4 Nd7 5. Nf3 Ngf6 6. Nxf6+ Nxf6 7. Bd3 Be7 8. 0-0 0-0 9. Qe2 b6 10. Bg5 Bb7 11. Rfd1 1/2-1/2

[Event "Rheinland Pfalz op 5th"]
[Site "Worms"]
[Date "2013.06.02"]
[Round "7"]
[White "Kinnert, Dieter"]
[Black "Pek, Istvan"]
[Result "0-1"]
[WhiteElo "1726"]
[BlackElo "1949"]
[PlyCount "98"]
[EventDate "2013.05.30"]
[EventType "swiss"]
[EventRounds "7"]
[EventCountry "GER"]
[SourceTitle "EXT 2014"]
[Source "ChessBase"]
[SourceDate "2013.11.20"]
[SourceVersion "1"]
[SourceVersionDate "2013.11.20"]
[SourceQuality "1"]

1. e4 c5 2. Nf3 Nc6 3. Bc4 Nf6 4. Nc3 e6 5. d4 cxd4 6. Nxd4 d6 7. 0-0 a6 8. Nxc6 bxc6 9. Bd3 Be7 10. Be3 0-0 11. Qe2 Qc7 12. Qf3 Bb7 13. Qg3 Kh8 14. Qh3 e5 15. f4 exf4 16. Rxf4 Bc8 17. Qf3 Be6 18. Rf1 Nd7 19. Qh5 Ne5 20. Bd4 Kg8 21. Nd1 c5 22. Bc3 c4 23. Be2 Rab8 24. Kh1 Rb5 25. a4 Rc5 26. Bd4 Rc6 27. Ne3 Qb8 28. Nd5 Bxd5 29. exd5 Rcc8 30. Bg4 Ng6 31. Bf5 Rce8 32. R1f3 Bd8 33. Kg1 Bb6 34. c3 Bxd4+ 35. Rxd4 Qxb2 36. Rxc4 Re1+ 37. Rf1 Rfe8 38. Qf3 Ne5 39. Qh3 Rxf1+ 40. Kxf1 Qc1+ 41. Kf2 Qd2+ 42. Kf1 g6 43. Rc8 Rxc8 44. Bxc8 Qxd5 45. Bxa6 Qd1+ 46. Kf2 Qxa4 47. Qc8+ Kg7 48. c4 Qc2+ 49. Kf1 Nd3 0-1

[Event "Troisdorf op"]
[Site "Troisdorf"]
[Date "2011.11.15"]
[Round "4"]
[White "Kinnert, Dieter"]
[Black "Gutt, Oswald"]
[Result "1/2-1/2"]
[WhiteElo "1722"]
[BlackElo "1914"]
[PlyCount "61"]
[EventDate "2011.10.25"]
[EventType "swiss"]
[EventRounds "7"]
[EventCountry "GER"]
[SourceTitle "EXT 2013"]
[Source "ChessBase"]
[SourceDate "2012.11.22"]
[SourceVersion "1"]
[SourceVersionDate "2012.11.22"]
[SourceQuality "1"]

1. e4 e5 2. f4 exf4 3. Nf3 g5 4. h3 Bg7 5. Bc4 h6 6. d4 d6 7. Qe2 Ne7 8. a4 0-0 9. Nc3 Nbc6 10. g3 fxg3 11. Bxg5 Nxd4 12. Nxd4 hxg5 13. Nf3 Ng6 14. Qg2 Ne5 15. Bd3 Nxf3+ 16. Qxf3 Be5 17. Rf1 Bxh3 18. 0-0-0 Bf4+ 19. Kb1 Bxf1 20. Rxf1 c6 21. Rh1 Kg7 22. Ne2 Rh8 23. Rf1 g2 24. Qxg2 Be5 25. Bc4 f6 26. Be6 Rh2 27. Qf3 Qb6 28. Bb3 Rah8 29. Qf5 Qc7 30. Ng3 R8h6 31. Qe6 1/2-1/2

[Event "Troisdorf op"]
[Site "Troisdorf"]
[Date "2011.10.25"]
[Round "1"]
[White "Helbig, Mark"]
[Black "Kinnert, Dieter"]
[Result "1-0"]
[WhiteElo "2281"]
[BlackElo "1722"]
[PlyCount "39"]
[EventDate "2011.10.25"]
[EventType "swiss"]
[EventRounds "7"]
[EventCountry "GER"]
[SourceTitle "EXT 2013"]
[Source "ChessBase"]
[SourceDate "2012.11.22"]
[SourceVersion "1"]
[SourceVersionDate "2012.11.22"]
[SourceQuality "1"]

1. d4 d5 2. c4 e5 3. dxe5 d4 4. e4 Nc6 5. f4 f6 6. exf6 Nxf6 7. Bd3 Bb4+ 8. Nd2 Be6 9. a3 Be7 10. Ngf3 a5 11. 0-0 Ng4 12. Qe2 h5 13. f5 Bf7 14. e5 Bg5 15. Nxg5 Qxg5 16. e6 Bg8 17. Ne4 Qh4 18. h3 Ne3 19. Bxe3 dxe3 20. Qxe3 1-0

[Event "Troisdorf op"]
[Site "Troisdorf"]
[Date "2007.10.16"]
[Round "1"]
[White "Schott, Guido"]
[Black "Kinnert, Dieter"]
[Result "1-0"]
[WhiteElo "2185"]
[BlackElo "1791"]
[PlyCount "63"]
[EventDate "2007.10.16"]
[EventType "swiss"]
[EventRounds "5"]
[EventCountry "GER"]
[SourceTitle "EXT 2011"]
[Source "ChessBase"]
[SourceDate "2010.11.26"]
[SourceVersion "1"]
[SourceVersionDate "2010.11.26"]
[SourceQuality "1"]

1. e4 e6 2. d3 d5 3. Nd2 c5 4. Ngf3 Nc6 5. g3 Nf6 6. Bg2 Be7 7. 0-0 d4 8. e5 Nd5 9. a4 Rb8 10. Nc4 Na5 11. Bd2 Nc6 12. h4 a6 13. a5 b5 14. axb6 Nxb6 15. Ng5 Qd7 16. Nd6+ Bxd6 17. exd6 Bb7 18. Re1 Nd8 19. Bxb7 Qxb7 20. Bf4 Ra8 21. Qh5 Kf8 22. Ne4 Nd5 23. Be5 Qc8 24. c4 dxc3 25. Nxc3 Nxc3 26. Bxc3 Nb7 27. Qg5 f6 28. Bxf6 gxf6 29. Qxf6+ Kg8 30. Re5 h6 31. Ra4 Qe8 32. Rg4+ 1-0

[Event "Troisdorf op"]
[Site "Troisdorf"]
[Date "2006.12.05"]
[Round "7"]
[White "Kinnert, Dieter"]
[Black "Karwatzki, Hans Juergen"]
[Result "1-0"]
[WhiteElo "1819"]
[BlackElo "1589"]
[PlyCount "37"]
[EventDate "2006.10.24"]
[EventType "swiss"]
[EventRounds "7"]
[EventCountry "GER"]
[SourceTitle "EXT 2011"]
[Source "ChessBase"]
[SourceDate "2010.11.26"]
[SourceVersion "1"]
[SourceVersionDate "2010.11.26"]
[SourceQuality "1"]

1. e4 e5 2. Nf3 Nc6 3. Bb5 Nf6 4. d4 exd4 5. 0-0 Bc5 6. e5 Nd5 7. c3 0-0 8. cxd4 Bb6 9. Bc4 Nce7 10. Bg5 c6 11. Bxd5 cxd5 12. Nc3 h6 13. Bh4 g5 14. Bxg5 hxg5 15. Nxg5 Kg7 16. Qh5 Rh8 17. Qxf7+ Kh6 18. Qf6+ Ng6 19. Nf7+ 1-0

[Event "Troisdorf op"]
[Site "Troisdorf"]
[Date "2003.11.18"]
[Round "4"]
[White "Kinnert, Dieter"]
[Black "Riefer, Alexander"]
[Result "0-1"]
[WhiteElo "1809"]
[BlackElo "1880"]
[PlyCount "42"]
[EventDate "2003.10.14"]
[EventType "swiss"]
[EventRounds "7"]
[EventCountry "GER"]
[SourceTitle "EXT 2005"]
[Source "ChessBase"]
[SourceDate "2004.11.15"]
[SourceVersion "1"]
[SourceVersionDate "2004.11.15"]
[SourceQuality "1"]

1. e4 c5 2. c3 e5 3. Bc4 Nc6 4. a3 Nf6 5. d3 Be7 6. Ne2 a6 7. 0-0 b5 8. Ba2 0-0 9. f4 c4 10. fxe5 Nxe5 11. d4 Qb6 12. Ng3 Bb7 13. Qe2 Rae8 14. Kh1 Nd3 15. e5 Bd8 16. Nf5 d6 17. Nxg7 dxe5 18. Nxe8 Rxe8 19. Bh6 exd4 20. Qd2 Ne4 21. Rf4 Qg6 0-1

[Event "Troisdorf op"]
[Site "Troisdorf"]
[Date "2003.10.14"]
[Round "1"]
[White "Reiter, Ute"]
[Black "Kinnert, Dieter"]
[Result "0-1"]
[WhiteElo "1142"]
[BlackElo "1809"]
[PlyCount "74"]
[EventDate "2003.10.14"]
[EventType "swiss"]
[EventRounds "7"]
[EventCountry "GER"]
[SourceTitle "EXT 2005"]
[Source "ChessBase"]
[SourceDate "2004.11.15"]
[SourceVersion "1"]
[SourceVersionDate "2004.11.15"]
[SourceQuality "1"]

1. e4 e6 2. d4 d5 3. Bd3 c5 4. dxc5 dxe4 5. Bb5+ Bd7 6. Bxd7+ Qxd7 7. Qxd7+ Nxd7 8. b4 a5 9. c3 axb4 10. cxb4 b6 11. c6 Bxb4+ 12. Bd2 Bxd2+ 13. Nxd2 Ne5 14. c7 f5 15. Rc1 Nd3+ 16. Kd1 Nxc1 17. Kxc1 Rc8 18. Ne2 Rxc7+ 19. Kb2 Nf6 20. Nd4 Kf7 21. Re1 Rhc8 22. N2b3 g6 23. Re2 Nd5 24. Nb5 Rd7 25. a4 Nf4 26. Rd2 Rxd2+ 27. Nxd2 Nd3+ 28. Kb3 Ra8 29. f3 e3 30. Kc3 e2 31. Kxd3 e1Q 32. Nd6+ Ke7 33. N6c4 Rxa4 34. Kc3 b5 35. Nb2 Ra2 36. Kc2 Rxb2+ 37. Kxb2 Qxd2+ 0-1